[Event "Moscow-Open 2021_A"]
[Site "Moscow"]
[Date "2021.02.21"]
[Round "2.39"]
[White "Finkelstein, Alexander"]
[Black "Thing, Bibek"]
[Result "0-1"]
[WhiteElo "1833"]
[BlackElo "2222"]
[PlyCount "110"]
[EventDate "2021.02.20"]

1. d4 d5 2. c4 c6 3. cxd5 Qxd5 4. Nc3 Qa5 5. e4 Nf6 6. Bd3 g6 7. Nge2 Bg7 8.
O-O O-O 9. Bf4 Nbd7 10. Qd2 e5 11. Bh6 exd4 12. Nxd4 Ne5 13. Bxg7 Kxg7 14. Nb3
Qc7 15. Be2 Rd8 16. Qf4 Qe7 17. Rfd1 Bd7 18. Qg3 c5 19. f4 Nc6 20. e5 Ne8 21.
Ne4 b6 22. Qc3 Be6 23. Bb5 Bxb3 24. Rxd8 Rxd8 25. Bxc6 Bd5 26. f5 Kg8 27. Bxd5
Rxd5 28. Re1 Rd4 29. Qg3 Qb7 30. Nf6+ Nxf6 31. exf6 Rd8 32. Qe3 Qd7 33. Qe7
Qd4+ 34. Kh1 Rf8 35. h3 Qd3 36. Re4 Qf1+ 37. Kh2 Qxf5 38. Re1 h5 39. Rd1 Qe6
40. Rd7 Re8 41. Rd8 Rxd8 42. Qxd8+ Kh7 43. Qe7 g5 44. Qxa7 Qxf6 45. Qd7 Kg7 46.
Qd5 Qf4+ 47. Kh1 g4 48. Qxh5 g3 49. Qd1 Qd4 50. Qxd4+ cxd4 51. Kg1 d3 52. Kf1
f5 53. a4 f4 54. b4 d2 55. Ke2 f3+ 0-1

[Event "Moscow-Open 2021_A"]
[Site "Moscow"]
[Date "2021.02.21"]
[Round "2.40"]
[White "Volodin, Viktor"]
[Black "Averin, Nikolay"]
[Result "1-0"]
[WhiteElo "2151"]
[BlackElo "1818"]
[PlyCount "69"]
[EventDate "2021.02.20"]

1. Nf3 d5 2. d4 Nf6 3. c4 e6 4. g3 dxc4 5. Qa4+ Nc6 6. Qxc4 Nd7 7. Bg2 Nb6 8.
Qd3 e5 9. dxe5 Qxd3 10. exd3 Nb4 11. Kd2 Bf5 12. Nd4 Bxd3 13. Bxb7 Rd8 14. Nc6
Rd7 15. Nb8 Rd8 16. Nc6 Bxb1+ 17. Nxd8 Bf5 18. g4 Bg6 19. f4 h5 20. f5 Bh7 21.
a3 Kxd8 22. axb4 hxg4 23. Kc3 Bxf5 24. Bf4 c5 25. Kb3 Bc8 26. Rhd1+ Kc7 27. Bg2
g5 28. Bg3 Bg7 29. Rxa7+ Kb8 30. Rxf7 Rg8 31. Kc2 Nc4 32. e6+ Be5 33. Ra1 Ne3+
34. Kd3 Rd8+ 35. Kxe3 1-0

[Event "Moscow-Open 2021_A"]
[Site "Moscow"]
[Date "2021.02.21"]
[Round "2.41"]
[White "Talibov, Shiroghlan"]
[Black "Shaymardanov, Bakhtiyar"]
[Result "1-0"]
[WhiteElo "2128"]
[BlackElo "1702"]
[PlyCount "39"]
[EventDate "2021.02.20"]

1. e4 e6 2. d4 d5 3. Nc3 Nf6 4. Bg5 dxe4 5. Nxe4 Be7 6. Bxf6 gxf6 7. Nf3 f5 8.
Ng3 a6 9. Bc4 b5 10. Bb3 Bb7 11. Qe2 O-O 12. O-O c5 13. dxc5 Bxc5 14. Nh5 Nc6
15. Rad1 Bd6 16. Qd2 Ne5 17. Qh6 Nxf3+ 18. gxf3 Bxh2+ 19. Kxh2 Qh4+ 20. Kg1 1-0

[Event "Moscow-Open 2021_A"]
[Site "Moscow"]
[Date "2021.02.21"]
[Round "2.42"]
[White "Parpiev, Isaak"]
[Black "Komissarov, Alexey"]
[Result "1-0"]
[WhiteElo "1790"]
[BlackElo "2127"]
[PlyCount "79"]
[EventDate "2021.02.20"]

1. e4 e5 2. Nf3 Nc6 3. Bc4 Nf6 4. d3 Bc5 5. c3 O-O 6. O-O a6 7. a4 h6 8. b4 Bb6
9. a5 Ba7 10. Na3 d5 11. exd5 Nxd5 12. Qb3 Nf6 13. Re1 Bf5 14. Be3 Bxe3 15.
Rxe3 Qd6 16. h3 Rad8 17. Rae1 Nd5 18. Nxe5 Nxe3 19. Nxf7 Rxf7 20. Bxf7+ Kh7 21.
Rxe3 Bxd3 22. Qe6 Qxe6 23. Bxe6 Bg6 24. Nc4 Rd1+ 25. Kh2 Rc1 26. Bd5 Nd8 27.
Ne5 Bb1 28. f4 Rf1 29. Kg3 Bf5 30. Nf3 Rd1 31. Nd4 Rd3 32. Rxd3 Bxd3 33. f5 b6
34. Kf4 g6 35. Ne6 Nxe6+ 36. fxe6 Kg7 37. Ke5 bxa5 38. bxa5 Bb5 39. c4 Be8 40.
Bb7 1-0

[Event "Moscow-Open 2021_A"]
[Site "Moscow"]
[Date "2021.02.21"]
[Round "2.43"]
[White "Khmelev, Mikhail"]
[Black "Tandelov, Arseny"]
[Result "1-0"]
[WhiteElo "2077"]
[BlackElo "1657"]
[PlyCount "66"]
[EventDate "2021.02.20"]

1. f4 d5 2. Nf3 c5 3. e3 Nc6 4. d4 e6 5. c3 Bd6 6. Bd3 Nge7 7. O-O c4 8. Bc2 b5
9. Qe2 a5 10. e4 b4 11. f5 b3 12. axb3 cxb3 13. Bxb3 Ba6 14. c4 dxe4 15. Qxe4
exf5 16. Qe3 O-O 17. Rd1 Nb4 18. Nc3 Ng6 19. Qf2 Rb8 20. Bg5 Qc8 21. c5 Nd3 22.
Rxd3 Bxd3 23. Ba4 Bc7 24. d5 h6 25. Be3 Be5 26. Nxe5 Nxe5 27. Qg3 Ng6 28. c6
Rxb2 29. Bc1 Re2 30. Nxe2 Bxe2 31. Ba3 Re8 32. d6 Re4 33. d7 Qb8 1-0

[Event "Moscow-Open 2021_A"]
[Site "Moscow"]
[Date "2021.02.21"]
[Round "2.44"]
[White "Bugaev, Anton"]
[Black "Sabirov, Timur"]
[Result "1-0"]
[WhiteElo "1648"]
[BlackElo "2048"]
[PlyCount "55"]
[EventDate "2021.02.20"]

1. d4 Nf6 2. Nf3 e6 3. e3 b6 4. Bd3 Bb7 5. O-O Be7 6. c4 d5 7. Nc3 Nbd7 8. b3
O-O 9. Bb2 Ne4 10. cxd5 exd5 11. Qc2 f5 12. Ne5 Bd6 13. f3 Nxe5 14. dxe5 Bxe5
15. fxe4 fxe4 16. Rxf8+ Qxf8 17. Bf1 a6 18. Rd1 Qc5 19. Qd2 Bxc3 20. Qxc3 Qxc3
21. Bxc3 c5 22. Be2 Rd8 23. Bg4 Kf7 24. Be5 Re8 25. Bc7 Bc8 26. Bxc8 Rxc8 27.
Bxb6 Rc6 28. Ba5 1-0

[Event "Moscow-Open 2021_A"]
[Site "Moscow"]
[Date "2021.02.21"]
[Round "2.45"]
[White "Urivskiy, Arseniy A"]
[Black "Plyasunov, Daniil"]
[Result "1/2-1/2"]
[WhiteElo "1422"]
[BlackElo "2025"]
[PlyCount "79"]
[EventDate "2021.02.20"]

1. d4 c5 2. d5 Nf6 3. c4 b5 4. cxb5 a6 5. e3 axb5 6. Bxb5 g6 7. Nf3 Ba6 8. Bxa6
Qa5+ 9. Nc3 Qxa6 10. Qe2 Qxe2+ 11. Kxe2 d6 12. Nd2 Bg7 13. Nc4 O-O 14. e4 Na6
15. Bg5 Rfb8 16. a3 Nc7 17. f3 h6 18. Bxf6 Bxf6 19. Kd3 Nb5 20. Nxb5 Rxb5 21.
Rab1 Rb3+ 22. Kc2 Rab8 23. Rhd1 R3b5 24. Rd3 Kg7 25. g3 h5 26. f4 Bd4 27. b3 h4
28. g4 Ra8 29. Rh3 Rh8 30. Rd1 Rb7 31. Na5 Ra7 32. Nc6 Rxa3 33. Nxd4 cxd4 34.
Rxd4 Ra2+ 35. Kc3 Rg2 36. g5 Rf2 37. e5 Rc8+ 38. Kb4 Rb8+ 39. Kc3 Rc8+ 40. Kb4
1/2-1/2

[Event "Moscow-Open 2021_A"]
[Site "Moscow"]
[Date "2021.02.21"]
[Round "2.46"]
[White "Tyurin, Artem"]
[Black "Artemov, Maxim"]
[Result "1-0"]
[WhiteElo "2130"]
[BlackElo "1510"]
[PlyCount "133"]
[EventDate "2021.02.20"]

1. c4 e5 2. Nc3 Bb4 3. Qc2 Nf6 4. a3 Bxc3 5. Qxc3 Nc6 6. Nf3 Qe7 7. d4 exd4 8.
Nxd4 d6 9. Nxc6 bxc6 10. Bg5 O-O 11. O-O-O Re8 12. Bxf6 Qxf6 13. Qxf6 gxf6 14.
e3 Re5 15. Rd4 Bf5 16. Rf4 Kg7 17. g4 Be6 18. Bd3 Rh8 19. h4 h5 20. gxh5 Rhxh5
21. Kd2 Rh6 22. Kc3 Kf8 23. b4 Ke7 24. Be2 Bd7 25. h5 Rg5 26. Bf3 f5 27. a4 Rg8
28. b5 c5 29. a5 Rb8 30. Rg1 Rhh8 31. Rh4 Rbg8 32. Ra1 Rh6 33. Re1 Be6 34. Rf4
Rf6 35. Rh4 Rh6 36. Rb1 Rb8 37. Rg1 Rbh8 38. Be2 Bd7 39. Bf3 Be6 40. Rg3 Rf6
41. Rg5 Bd7 42. Bg2 Kf8 43. f4 Ke7 44. Rh3 Be6 45. Rhg3 Kf8 46. Bf3 Rfh6 47.
Rg2 Ke7 48. Rg7 Kd7 49. a6 Ke7 50. Kd3 Kf6 51. Rg8 Ke7 52. R2g5 R6h7 53. R5g7
Rh6 54. Rg1 R6h7 55. R8g5 Rh6 56. Rh1 Rf6 57. Rh4 Kf8 58. Bg2 Ke7 59. Rh2 Rfh6
60. e4 Rf6 61. e5 Rfh6 62. exd6+ Kxd6 63. Bd5 f6 64. Rg7 Bxd5 65. cxd5 Rxh5 66.
Re2 Rd8 67. Kc4 1-0

[Event "Moscow-Open 2021_A"]
[Site "Moscow"]
[Date "2021.02.21"]
[Round "2.47"]
[White "Andreev, Konstantin"]
[Black "Voinikonis, Nikita"]
[Result "0-1"]
[WhiteElo "1819"]
[BlackElo "2208"]
[PlyCount "64"]
[EventDate "2021.02.20"]

1. e4 e6 2. d3 g6 3. g3 Bg7 4. Bg2 d5 5. Nd2 c5 6. Ngf3 Nf6 7. O-O O-O 8. Re1
Nc6 9. c3 b5 10. e5 Nd7 11. d4 b4 12. Nf1 bxc3 13. bxc3 f6 14. exf6 Qxf6 15.
Bg5 Qf7 16. Bf4 h6 17. Qd2 g5 18. Bxg5 cxd4 19. cxd4 hxg5 20. Nxg5 Bh6 21. f4
Bxg5 22. fxg5 Nb6 23. Rad1 Nc4 24. Qe2 Rb8 25. Bh3 e5 26. Bxc8 Rbxc8 27. Ne3
Nxe3 28. Qxe3 Nxd4 29. Rf1 Nf3+ 30. Kh1 Rc2 31. Rf2 d4 32. g6 Qb7 0-1

[Event "Moscow-Open 2021_A"]
[Site "Moscow"]
[Date "2021.02.21"]
[Round "2.48"]
[White "Bratov, Ademir"]
[Black "Isaev, Magomed"]
[Result "1/2-1/2"]
[WhiteElo "1813"]
[BlackElo "2196"]
[PlyCount "101"]
[EventDate "2021.02.20"]

1. e4 c6 2. d4 d5 3. e5 Bf5 4. h4 h5 5. Bd3 Bxd3 6. Qxd3 e6 7. Nf3 c5 8. b3 Nc6
9. O-O cxd4 10. Bb2 Bc5 11. a3 a6 12. b4 Bb6 13. Nbd2 Nge7 14. Nb3 Ng6 15. Rfe1
Nxh4 16. Nxh4 Qxh4 17. b5 Na5 18. bxa6 bxa6 19. Nxa5 Bxa5 20. Red1 Bc3 21. Bxc3
dxc3 22. Qxc3 O-O 23. Qd4 Qxd4 24. Rxd4 Rfc8 25. Rc1 Rc6 26. Ra4 Rb8 27. g3 Kh7
28. Kg2 Rb2 29. c4 Re2 30. c5 Rxe5 31. f4 Re2+ 32. Kf3 Rb2 33. Rb4 Rxb4 34.
axb4 Kg6 35. Ke3 Kf5 36. Kd4 f6 37. Ra1 Kg4 38. Rf1 Kxg3 39. f5 h4 40. fxe6
Rxe6 41. Rg1+ Kh2 42. Rxg7 Re4+ 43. Kxd5 Rxb4 44. c6 Rb2 45. Rg6 h3 46. Rxf6
Kg1 47. c7 h2 48. Rg6+ Kf1 49. Rh6 Rc2 50. c8=Q Rxc8 51. Rxh2 1/2-1/2

[Event "Moscow-Open 2021_A"]
[Site "Moscow"]
[Date "2021.02.21"]
[Round "2.49"]
[White "Sviridov, Vladislav"]
[Black "Boktaev, Adyan"]
[Result "0-1"]
[WhiteElo "2123"]
[BlackElo "1808"]
[PlyCount "102"]
[EventDate "2021.02.20"]

1. e4 c6 2. d4 d5 3. Nc3 dxe4 4. Nxe4 Bf5 5. Ng3 Bg6 6. h4 h6 7. Nf3 Nd7 8. h5
Bh7 9. Bd3 Bxd3 10. Qxd3 e6 11. Bf4 Ngf6 12. O-O-O Be7 13. Kb1 a5 14. Ne4 Nxe4
15. Qxe4 Nf6 16. Qe2 a4 17. c4 a3 18. b3 Qa5 19. Ne5 Rc8 20. Bd2 Bb4 21. Bxb4
Qxb4 22. Rhe1 O-O 23. g4 b5 24. Qd2 Qxd2 25. Rxd2 Rfd8 26. f3 Nd7 27. Red1 Nb6
28. Rd3 Rc7 29. Kc2 f6 30. Ng6 bxc4 31. bxc4 Nxc4 32. Rb1 Nd6 33. Rxa3 Nb5 34.
Rd3 Rcd7 35. Rb4 Nxd4+ 36. Kb2 c5 37. Rb6 e5 38. Rc3 Rc7 39. a4 c4 40. Rb4 Kf7
41. f4 e4 42. Re3 Re8 43. Kc3 Rd7 44. Rxc4 Red8 45. Rxe4 Nf3 46. Rc6 Rd3+ 47.
Kb4 R3d7 48. a5 Nd4 49. Rb6 Nc2+ 50. Ka4 Rd3 51. Re7+ Kg8 0-1

[Event "Moscow-Open 2021_A"]
[Site "Moscow"]
[Date "2021.02.21"]
[Round "2.50"]
[White "Stepanyan, Eva"]
[Black "Galiev, Ernest"]
[Result "1-0"]
[WhiteElo "2119"]
[BlackElo "1807"]
[PlyCount "75"]
[EventDate "2021.02.20"]

1. e4 c5 2. Nf3 d6 3. d4 cxd4 4. Nxd4 Nf6 5. Nc3 a6 6. f3 e5 7. Nb3 Be6 8. Be3
Be7 9. Qd2 O-O 10. O-O-O Nbd7 11. g4 b5 12. g5 b4 13. Na4 Nh5 14. Rg1 Qc7 15.
Qxb4 a5 16. Qc3 Nc5 17. Nbxc5 dxc5 18. Bc4 Bxc4 19. Qxc4 Rab8 20. a3 Qc6 21.
Rd5 Rb4 22. axb4 Qxa4 23. Qb3 Qxb3 24. cxb3 axb4 25. Rxe5 Bd6 26. Rd5 Bxh2 27.
Rh1 Bf4 28. Kd2 g6 29. Rxc5 Ra8 30. Kd3 Bxe3 31. Kxe3 Ra2 32. Rh2 Ng3 33. Rhc2
Kg7 34. Rb5 Nh5 35. Rxb4 f5 36. Ra4 Rxa4 37. bxa4 fxe4 38. fxe4 1-0

[Event "Moscow-Open 2021_A"]
[Site "Moscow"]
[Date "2021.02.21"]
[Round "2.51"]
[White "Polukhin, Alexander"]
[Black "Arutyunova, Yuliya"]
[Result "1-0"]
[WhiteElo "2105"]
[BlackElo "1802"]
[PlyCount "71"]
[EventDate "2021.02.20"]

1. e4 c5 2. c4 e6 3. Nc3 d6 4. g3 Nc6 5. Bg2 Nf6 6. Nge2 Be7 7. d3 a6 8. O-O
O-O 9. h3 Bd7 10. f4 Qc8 11. g4 Rb8 12. g5 Ne8 13. Ng3 Nd4 14. Nce2 b5 15. b3
f6 16. h4 Bc6 17. Be3 e5 18. f5 g6 19. Bh3 Bd7 20. cxb5 axb5 21. Rc1 Qa6 22.
Nc3 Nc7 23. h5 fxg5 24. hxg6 hxg6 25. fxg6 Rxf1+ 26. Nxf1 g4 27. Bxg4 Qc8 28.
Bxd7 Qxd7 29. Qh5 Bf6 30. Nh2 b4 31. Ng4 Bh8 32. Rf1 bxc3 33. Rf7 Qxf7 34.
gxf7+ Kg7 35. Bh6+ Kh7 36. Bf8# 1-0

[Event "Moscow-Open 2021_A"]
[Site "Moscow"]
[Date "2021.02.21"]
[Round "2.52"]
[White "Gotsiuk, Denis"]
[Black "Teymurkhanly, Teymur"]
[Result "1-0"]
[WhiteElo "2102"]
[BlackElo "1799"]
[PlyCount "119"]
[EventDate "2021.02.20"]

1. d4 d5 2. Bf4 e6 3. e3 c5 4. c3 Bd6 5. Bg3 Nf6 6. Nd2 Nc6 7. Ngf3 cxd4 8.
exd4 O-O 9. Bd3 h6 10. Qe2 a6 11. Bxd6 Qxd6 12. Ne5 Nd7 13. f4 Ndxe5 14. fxe5
Qe7 15. O-O Bd7 16. Rf4 f6 17. exf6 Rxf6 18. Raf1 Raf8 19. Qe3 Rxf4 20. Rxf4
Rxf4 21. Qxf4 e5 22. dxe5 Qxe5 23. Qf2 Ne7 24. Nf3 Qf6 25. Qd4 Qxd4+ 26. Nxd4
Kf7 27. Kf2 Kf6 28. Ke3 Ke5 29. Bc2 Nc6 30. Ba4 b5 31. Nf3+ Kd6 32. Bc2 Ne5 33.
Bd3 Nc6 34. b4 Be6 35. Nd4 Ne5 36. Be2 Bd7 37. Nb3 Bc8 38. Nc5 Nd7 39. Nxd7
Bxd7 40. Kd4 g6 41. Bf3 Be6 42. g3 g5 43. Bd1 Bf5 44. Bf3 Be6 45. Bg2 g4 46.
Bf1 Bf5 47. Be2 Bd7 48. Bd1 Bf5 49. a4 Bc8 50. axb5 axb5 51. Be2 Bd7 52. Bd3
Be8 53. Bf5 h5 54. Bd3 Bd7 55. Bg6 Bc6 56. Bxh5 Bd7 57. Bg6 Bc8 58. Bd3 Bd7 59.
Be2 Be6 60. Bxb5 1-0

[Event "Moscow-Open 2021_A"]
[Site "Moscow"]
[Date "2021.02.21"]
[Round "2.53"]
[White "Efimov, Leonid"]
[Black "Zhuk, Kirill"]
[Result "0-1"]
[WhiteElo "1764"]
[BlackElo "2054"]
[PlyCount "96"]
[EventDate "2021.02.20"]

1. d4 Nf6 2. c4 e6 3. g3 c5 4. d5 exd5 5. cxd5 d6 6. Nc3 g6 7. Bg2 Bg7 8. Nf3
O-O 9. O-O Re8 10. Re1 Ne4 11. Nxe4 Rxe4 12. Qc2 Re8 13. Bf4 Bg4 14. e4 Bxf3
15. Bxf3 Qf6 16. Bg2 Nd7 17. Re2 g5 18. Bd2 g4 19. Bc3 Ne5 20. f4 gxf3 21. Rf1
b5 22. Ref2 Bh6 23. Rxf3 Nxf3+ 24. Bxf3 Qg5 25. e5 Rxe5 26. Bxe5 Qxe5 27. Be4
Re8 28. Bxh7+ Kg7 29. Qf5 Qxf5 30. Bxf5 Re2 31. Rb1 Be3+ 32. Kh1 Bd4 33. Bd3
Rd2 34. Bxb5 Bxb2 35. Bc4 a5 36. Re1 Be5 37. Re2 Rd4 38. Rc2 a4 39. Kg2 a3 40.
Kf3 Rd1 41. Ke4 Kg6 42. Bb3 f5+ 43. Kf3 Rd3+ 44. Ke2 Rxb3 45. axb3 Bb2 46. Rc4
a2 47. Ra4 a1=Q 48. Rxa1 Bxa1 0-1

[Event "Moscow-Open 2021_A"]
[Site "Moscow"]
[Date "2021.02.21"]
[Round "2.54"]
[White "Shoshin, Kirill"]
[Black "Novozhilov, Semen"]
[Result "1-0"]
[WhiteElo "2030"]
[BlackElo "1788"]
[PlyCount "47"]
[EventDate "2021.02.20"]

1. d4 d6 2. e4 Nf6 3. Nc3 g6 4. Bg5 c6 5. f4 Bg7 6. Nf3 O-O 7. Qd2 b5 8. Bd3
Nbd7 9. O-O Qb6 10. Kh1 Re8 11. e5 Nd5 12. Nxd5 cxd5 13. Qe2 a6 14. e6 fxe6 15.
Qxe6+ Kf8 16. Ne5 dxe5 17. fxe5+ Nf6 18. Qxb6 Kg8 19. exf6 exf6 20. Bxf6 Re6
21. Qd8+ Bf8 22. Be5 Re8 23. Qxe8 Bf5 24. Qxa8 1-0

[Event "Moscow-Open 2021_A"]
[Site "Moscow"]
[Date "2021.02.21"]
[Round "2.55"]
[White "Druchenko, Mikhail"]
[Black "Zverev, Lev"]
[Result "1-0"]
[WhiteElo "1761"]
[BlackElo "1987"]
[PlyCount "103"]
[EventDate "2021.02.20"]

1. e4 e5 2. Nf3 Nc6 3. Bc4 Bc5 4. c3 Nf6 5. d4 exd4 6. e5 d5 7. Bb5 Ne4 8. cxd4
Bb6 9. Nc3 Bg4 10. Be3 O-O 11. h3 Bxf3 12. gxf3 Nxc3 13. bxc3 f6 14. Bxc6 bxc6
15. f4 Qe7 16. O-O Rad8 17. Qg4 f5 18. Qg3 Ba5 19. Kh1 c5 20. Bc1 cxd4 21. cxd4
Rb8 22. Rg1 g6 23. h4 Kh8 24. Kg2 c5 25. Ba3 Bb4 26. dxc5 Qxc5 27. Rac1 Qd4 28.
Bxb4 Rxb4 29. Rgd1 Qxf4 30. Qxf4 Rxf4 31. Rxd5 Rxh4 32. Rc7 Re8 33. Rxa7 Re4
34. Rdd7 R8xe5 35. Rxh7+ Kg8 36. Rhg7+ Kf8 37. Rxg6 Rg4+ 38. Rxg4 fxg4 39. Ra4
Re2 40. Rf4+ Ke7 41. a4 Ra2 42. Rxg4 Kf6 43. Kg3 Kf5 44. Rb4 Ra1 45. Rb5+ Ke4
46. f3+ Ke3 47. Rb3+ Kd4 48. Rb4+ Ke5 49. Rb5+ Kd4 50. a5 Ke3 51. Re5+ Kd4 52.
Kf4 1-0

[Event "Moscow-Open 2021_A"]
[Site "Moscow"]
[Date "2021.02.21"]
[Round "2.56"]
[White "Israfilov, Ali"]
[Black "Karapetyan, Alexander"]
[Result "1-0"]
[WhiteElo "1981"]
[BlackElo "1782"]
[PlyCount "51"]
[EventDate "2021.02.20"]

1. d4 Nf6 2. c4 g6 3. Nc3 Bg7 4. e4 d6 5. Nf3 O-O 6. Be2 e5 7. O-O Qe8 8. dxe5
dxe5 9. Nd5 Nxd5 10. cxd5 c6 11. Bc4 Bg4 12. Be3 cxd5 13. Bxd5 Nc6 14. h3 Bxf3
15. Qxf3 Nd4 16. Bxd4 exd4 17. Rac1 Qd7 18. Rc4 Be5 19. Qb3 Rac8 20. Rfc1 Rxc4
21. Rxc4 b6 22. Rc6 Kg7 23. Qc4 d3 24. Qxd3 Bxb2 25. Qb5 Bf6 26. e5 1-0

[Event "Moscow-Open 2021_A"]
[Site "Moscow"]
[Date "2021.02.21"]
[Round "2.57"]
[White "Bardyk, Artem"]
[Black "Pestryakov, Nikita"]
[Result "1-0"]
[WhiteElo "1742"]
[BlackElo "1978"]
[PlyCount "115"]
[EventDate "2021.02.20"]

1. e4 c5 2. c3 d5 3. exd5 Qxd5 4. d4 Nc6 5. Nf3 e5 6. Na3 exd4 7. Nb5 Bd6 8.
Bc4 Qe4+ 9. Kf1 Qe7 10. cxd4 cxd4 11. Be3 Nf6 12. Nfxd4 Be5 13. Nb3 b6 14. N3d4
Nxd4 15. Bxd4 Bxd4 16. Qxd4 O-O 17. Re1 Be6 18. Bxe6 fxe6 19. Qd6 Rae8 20. Qxe7
Rxe7 21. Nd4 e5 22. Nc6 Rc7 23. Nxe5 Rd8 24. g3 Rc2 25. Re2 Rdd2 26. Rxd2 Rxd2
27. Kg2 Rxb2 28. Rc1 h6 29. a4 Ne4 30. Rc8+ Kh7 31. Rf8 Ra2 32. h4 h5 33. Rf5
Kh6 34. Rf8 Kh7 35. Rf5 Nf6 36. Rf4 Nd5 37. Rd4 Nc3 38. Nc6 a5 39. Kf3 Rxa4 40.
Rd3 Rc4 41. Ne5 Rc7 42. Ke3 b5 43. Nf3 b4 44. Ng5+ Kg6 45. Rd6+ Kf5 46. Ra6 a4
47. Kd3 b3 48. Rb6 Na2 49. Rb5+ Kf6 50. Ne4+ Ke6 51. Nc5+ Rxc5 52. Rxc5 a3 53.
Rb5 Nc1+ 54. Kc3 b2 55. Kc2 Ne2 56. Rb8 Kf5 57. f3 Ke5 58. Re8+ 1-0

[Event "Moscow-Open 2021_A"]
[Site "Moscow"]
[Date "2021.02.21"]
[Round "2.58"]
[White "Shinkarov, Artem"]
[Black "Talalov, Anton"]
[Result "1-0"]
[WhiteElo "1978"]
[BlackElo "1766"]
[PlyCount "85"]
[EventDate "2021.02.20"]

1. d4 d5 2. c4 e6 3. Nc3 Be7 4. cxd5 exd5 5. Bf4 c6 6. e3 Nf6 7. Bd3 Bg4 8. f3
Bh5 9. Nge2 Bg6 10. O-O Nbd7 11. g4 O-O 12. Ng3 Nb6 13. Nf5 Bxf5 14. Bxf5 Ne8
15. Re1 Bd6 16. Bg3 Bxg3 17. hxg3 Nd6 18. Bd3 Re8 19. b3 Qf6 20. Kg2 h6 21. Re2
Re7 22. Bc2 Rae8 23. Qd3 g6 24. e4 dxe4 25. fxe4 Qg5 26. e5 Qxg4 27. Rf2 Nb5
28. Ne4 Nd5 29. Rh1 h5 30. Rh4 Qc8 31. Qd2 Kg7 32. Rxh5 Rh8 33. Rxh8 Qxh8 34.
Nf6 Nbc7 35. Rf1 Qh6 36. Qxh6+ Kxh6 37. Ng8+ Kg5 38. Nxe7 Ne3+ 39. Kg1 Nxc2 40.
Rxf7 Nxd4 41. Nxc6 bxc6 42. Rxc7 a5 43. Ra7 1-0

[Event "Moscow-Open 2021_A"]
[Site "Moscow"]
[Date "2021.02.21"]
[Round "2.59"]
[White "Voronin, Nikita"]
[Black "Chertkov, Maksim"]
[Result "1/2-1/2"]
[WhiteElo "1732"]
[BlackElo "1972"]
[PlyCount "99"]
[EventDate "2021.02.20"]

1. d4 Nf6 2. c4 g6 3. Nc3 d5 4. cxd5 Nxd5 5. e4 Nxc3 6. bxc3 Bg7 7. Qa4+ Qd7 8.
Bb5 c6 9. Be2 O-O 10. Nf3 c5 11. Qxd7 Nxd7 12. e5 b6 13. O-O Bb7 14. Rd1 e6 15.
Bg5 f6 16. exf6 Nxf6 17. Rab1 Bd5 18. dxc5 bxc5 19. c4 Be4 20. Bf4 Rfd8 21.
Rxd8+ Rxd8 22. Rb5 Rc8 23. Be3 Nd7 24. Ng5 Bc6 25. Ra5 Bd4 26. Bxd4 cxd4 27.
Nxe6 Re8 28. Nxd4 Re4 29. Nxc6 Rxe2 30. g3 Nf6 31. h3 Rc2 32. Ne5 Ne4 33. Rxa7
Nxf2 34. h4 Nd1 35. Ra3 Kg7 36. Kf1 Nc3 37. Ra7+ Kf6 38. Ng4+ Ke6 39. Ne3 Rb2
40. Nd5 Nxd5 41. cxd5+ Kxd5 42. Rxh7 Rxa2 43. Rh6 Ra6 44. Rh8 Ke6 45. Rf8 g5
46. hxg5 Ra5 47. Kg2 Rf5 48. Rxf5 Kxf5 49. g4+ Kxg5 50. Kg3 1/2-1/2

[Event "Moscow-Open 2021_A"]
[Site "Moscow"]
[Date "2021.02.21"]
[Round "2.60"]
[White "Borisov, Yury"]
[Black "Kirushin, Ivan"]
[Result "1/2-1/2"]
[WhiteElo "1972"]
[BlackElo "1765"]
[PlyCount "87"]
[EventDate "2021.02.20"]

1. c4 d6 2. d4 g6 3. e4 Bg7 4. Nc3 Nf6 5. Bd3 e5 6. d5 c5 7. Nge2 O-O 8. h3 Ne8
9. O-O f5 10. f4 fxe4 11. Nxe4 Nd7 12. Qc2 Ndf6 13. fxe5 Nxe4 14. Rxf8+ Kxf8
15. Bxe4 Bxe5 16. Bh6+ Ng7 17. Bf4 Qe7 18. Rf1 Kg8 19. Bxe5 Qxe5 20. g4 Bd7 21.
Kg2 b5 22. b3 bxc4 23. bxc4 Ba4 24. Qd3 Rb8 25. Qf3 Qe7 26. Ng3 Rb2+ 27. Rf2
Rxf2+ 28. Qxf2 Ne8 29. Qd2 Nf6 30. Bb1 Nd7 31. Qf4 Qg7 32. Bd3 Ne5 33. Be2 Qe7
34. Qe3 Kg7 35. g5 Bc2 36. h4 Qb7 37. Qf4 Qb2 38. Kh3 Bf5+ 39. Nxf5+ gxf5 40.
Qxf5 Qxe2 41. Qf6+ Kg8 42. Qe6+ Kf8 43. Qxd6+ Kg8 44. Qe6+ 1/2-1/2

[Event "Moscow-Open 2021_A"]
[Site "Moscow"]
[Date "2021.02.21"]
[Round "2.61"]
[White "Meydi, Igor"]
[Black "Kim, Andrey"]
[Result "0-1"]
[WhiteElo "1678"]
[BlackElo "1971"]
[PlyCount "78"]
[EventDate "2021.02.20"]

1. d4 d5 2. c4 c6 3. cxd5 cxd5 4. Nc3 Nc6 5. Nf3 Nf6 6. Bf4 Ne4 7. Qb3 Nxc3 8.
bxc3 e6 9. e3 Bd6 10. Bxd6 Qxd6 11. Be2 O-O 12. O-O b6 13. Nd2 Bb7 14. f4 Rac8
15. Rac1 Rc7 16. Qb1 Rfc8 17. f5 e5 18. Nf3 Qh6 19. Rfe1 e4 20. Ne5 Nxe5 21.
dxe5 Qxe3+ 22. Kh1 Rxc3 23. Rxc3 Qxc3 24. e6 f6 25. Bb5 Qc5 26. Bd7 Rc7 27. Qb3
Bc6 28. Bxc6 Qxc6 29. Rd1 Qc4 30. Qg3 Qc1 31. Rg1 Qc5 32. h4 d4 33. Re1 e3 34.
h5 h6 35. Qg6 Re7 36. Qg4 d3 37. Qf3 d2 38. Rd1 Qe5 39. Qe2 Qxf5 0-1

[Event "Moscow-Open 2021_A"]
[Site "Moscow"]
[Date "2021.02.21"]
[Round "2.62"]
[White "Neklyudov, Taras"]
[Black "Ivannikov, Maksim"]
[Result "1-0"]
[WhiteElo "1971"]
[BlackElo "1763"]
[PlyCount "81"]
[EventDate "2021.02.20"]

1. e4 e5 2. Nc3 Bc5 3. f4 d6 4. Nf3 Nf6 5. Bc4 Nc6 6. f5 Ng4 7. d4 exd4 8. Nd5
Nge5 9. Bb3 h6 10. Bf4 Nxf3+ 11. Qxf3 Nb4 12. f6 gxf6 13. Bd2 Nxd5 14. exd5 f5
15. O-O-O Bd7 16. Rde1+ Kf8 17. h4 Kg7 18. Bc4 Qf6 19. Ref1 Qg6 20. Bd3 Qg4 21.
Qf2 Rae8 22. h5 Kf8 23. Rh4 Qg7 24. Rf4 Re7 25. g4 Qe5 26. gxf5 Qxd5 27. Qg1
Qxa2 28. Kd1 Qb1+ 29. Bc1 Re3 30. R1f3 Re5 31. Rg3 Bb4 32. Re4 Bc6 33. f6 Bd5
34. c4 Qa1 35. cxd5 Bc5 36. Kc2 Qa4+ 37. Kb1 Ke8 38. Bc2 Qa5 39. Qf1 Kd7 40.
Rg7 Rf8 41. Bxh6 1-0

[Event "Moscow-Open 2021_A"]
[Site "Moscow"]
[Date "2021.02.21"]
[Round "2.63"]
[White "Kasintsov, Gleb"]
[Black "Maslovskiy, Vladimir"]
[Result "1-0"]
[WhiteElo "1658"]
[BlackElo "1959"]
[PlyCount "43"]
[EventDate "2021.02.20"]

1. c4 f5 2. Nc3 Nf6 3. Nf3 g6 4. d3 d6 5. e4 Bg7 6. exf5 Bxf5 7. d4 O-O 8. Bd3
Bxd3 9. Qxd3 Na6 10. O-O c6 11. Re1 Qd7 12. Qe2 Rae8 13. Ng5 e5 14. d5 Nc7 15.
Qd3 Qf5 16. Nge4 cxd5 17. cxd5 Kh8 18. f3 h6 19. Be3 a6 20. Qd2 Rd8 21. Bxh6
Rd7 22. Ng3 1-0

[Event "Moscow-Open 2021_A"]
[Site "Moscow"]
[Date "2021.02.21"]
[Round "2.64"]
[White "Zemlyanskii, Ivan"]
[Black "Ryabov, Georgi"]
[Result "1-0"]
[WhiteElo "1950"]
[BlackElo "1751"]
[PlyCount "99"]
[EventDate "2021.02.20"]

1. e4 Nf6 2. e5 Nd5 3. d4 d6 4. Bc4 e6 5. exd6 Bxd6 6. Nf3 O-O 7. O-O h6 8.
Nbd2 Nb6 9. Bd3 c5 10. dxc5 Bxc5 11. Qe2 Nc6 12. Ne4 Be7 13. c3 f5 14. Ng3 Qc7
15. Re1 Bd6 16. Bc2 e5 17. Bb3+ Kh8 18. Nh4 Ne7 19. Bg5 Kh7 20. Qh5 Nbd5 21.
Bxd5 Nxd5 22. Rad1 Qf7 23. Qxf7 Rxf7 24. Rxd5 hxg5 25. Nhxf5 Bc7 26. Nd6 Be6
27. Rdxe5 Bxd6 28. Rxe6 Bxg3 29. hxg3 Rd8 30. g4 Rd2 31. R6e2 Rfd7 32. f3 Kg6
33. Kf2 Kf7 34. Rxd2 Rxd2+ 35. Re2 Rd1 36. Kg3 Rd3 37. Re5 Rd2 38. Rb5 b6 39.
a4 g6 40. a5 bxa5 41. Rxa5 Rxb2 42. Rxa7+ Kf6 43. Rc7 Rd2 44. c4 Rc2 45. c5 Ke6
46. c6 Kf6 47. Rc8 Kf7 48. c7 Kg7 49. Kh3 Rc1 50. g3 1-0